Statystyki dla Polityk której partii wypowiedział te słowa?

Kliknij tutaj aby rozwiązać quiz!

Ogólne statystyki

  • Ten quiz został rozwiązany 161 razy
  • Średni wynik to 5 z 10

Statystyki odpowiedzi

ZagadnienieOdpowiedź% Poprawnych
"Trzeba ograniczyć tą ofensywę lobby LGBT w postaci manifestacji, warsztatów… No, po prostu rząd musi działać!" Rok 2019Konfederacja
62%
"To zemsta Rosjan za sprzedaż Gruzji rakiet, którymi mieli się bronić." Rok 2010Prawo i Sprawiedliwość
62%
"On nie może sobie działać poza prawem. Oczywiście są przepisy, które umożliwiają postępowanie wobec takich osób, które chcą się ustawić ponad prawem. Można wyznaczyć komisarzy. Niech ci samorządowcy, którzy teraz buńczucznie zapowiadają, że złamią prawo, liczą się ze stratą stanowisk." Rok 2020Prawo i Sprawiedliwość
57%
"Od lat mówię o wprowadzeniu pokoju i zakończeniu wojny Polsko-polskiej. Myślałem, że jest to autentyczne u Szymona Hołownia, a jednak to chyba tak marketingowo bo po pierwszym spocie widać, że on do tego nie dąży" Rok 2020Polskie Stronnictwo Ludowe
53%
"Nie jestem wróżką, nie potrafię wróżyć z fusów, nie wiemy ile jest pieniędzy w budżecie." Rok 2015KUKIZ 15
50%
"Starsi ludzie są przyzwyczajeni do traktowania wizyt u lekarza co dwa tygodnie jako rozrywki" Rok 2011Platforma Obywatelska
46%
„ W zeszłym roku powódź, w tym roku powódź, więc pewnie ludzie są już oswojeni, obyci z żywiołem” Rok 2010Platforma Obywatelska
45%
"Zamach w Londynie to dobra okazja by straszyć ludzi uchodźcami" Rok 2017Nowoczesna
39%
"10 maja: ktoś musi zatrzymać tych szaleńców" Rok 2020Platforma Obywatelska
38%
"Nie. To są potwory polityczne. Tam w ogóle nie ma człowieczeństwa. Zwłaszcza w Jarosławie."Rok 2007Samoobrona
35%

Rozkład punktacji

Percentyl według liczby udzielonych odpowiedzi

Procent ludzi z każdym wynikiem

Twoja historia wyników

Nie rozwiązałeś tego quizu